Największe kraje bez gór - Statystyki

Ogólne statystyki
  • Ten quiz został rozwiązany 327 razy
  • Średni wynik to 5 z 9
Statystyki odpowiedzi
Kontynent Kraj % Poprawnych
Europa Estonia
82%
Europa Litwa
82%
Europa Łotwa
81%
Europa Białoruś
76%
Europa Dania
65%
Europa Mołdawia
53%
Afryka Gambia
20%
Azja Kuwejt
19%
Afryka Gwinea Bissau
12%
Nie znaleziono quizów pasujących do podanych kryteriów
Rozkład punktacji
Procent ludzi z każdym wynikiem
Percentyl według liczby udzielonych odpowiedzi
Twoja historia wyników
Nie rozwiązałeś tego quizu